New public space trust launched (Record no. 117195)

MARC details
000 -LEADER
fixed length control field 01129cam a2200229 4500
001 - CONTROL NUMBER
control field WB4014-16
008 - FIXED-LENGTH DATA ELEMENTS--GENERAL INFORMATION
fixed length control field 040413n2004 000 0 eng u
035 ## - SYSTEM CONTROL NUMBER
System control number (Sirsi) u125813
245 ## - TITLE STATEMENT
Title New public space trust launched
260 ## - PUBLICATION, DISTRIBUTION, ETC.
Date of publication, distribution, etc. 2004
490 ## - SERIES STATEMENT
Series statement English Partnerships Press Release
Volume/sequential designation 6 April 2004, (2)
520 ## - SUMMARY, ETC.
Summary, etc. The Deputy Prime Minister announced the launch of the Land Restoration Trust this week. The Trust is a partnership between the English Partnerships, Groundwork, the Forestry Commission and the Environment Agency. Over the next decade the Trust aims to transform up to 10 000 hectares of derelict, neglected or under-used brownfield land into accessible, open green spaces to benefit local communities. For the English Partnership press Release: http://www.englishpartnerships.co.uk/page.aspx?the Lang=001lngdef&pointerid=D64D8F1027EB45BAAAC6CF71A 91F1DDD
590 ## - LOCAL NOTE (RLIN)
Local note WB
590 ## - LOCAL NOTE (RLIN)
Local note WB
650 ## - SUBJECT ADDED ENTRY--TOPICAL TERM
Topical term or geographic name entry element LAND RESTORATION TRUST
650 ## - SUBJECT ADDED ENTRY--TOPICAL TERM
Topical term or geographic name entry element ENGLISH PARTNERSHIPS
650 ## - SUBJECT ADDED ENTRY--TOPICAL TERM
Topical term or geographic name entry element FORESTRY COMMISSION
650 ## - SUBJECT ADDED ENTRY--TOPICAL TERM
Topical term or geographic name entry element GROUNDWORK
650 ## - SUBJECT ADDED ENTRY--TOPICAL TERM
Topical term or geographic name entry element GREEN SPACES
690 ## - LOCAL SUBJECT ADDED ENTRY--TOPICAL TERM (OCLC, RLIN)
Topical term or geographic name as entry element REGENERATION
942 ## - ADDED ENTRY ELEMENTS (KOHA)
Suppress in OPAC 0
Holdings
Withdrawn status Lost status Source of classification or shelving scheme Damaged status Not for loan Home library Current library Shelving location Date acquired Total Checkouts Full call number Barcode Date last seen Copy number Price effective from Koha item type
    Dewey Decimal Classification     London London News article 14/04/2004   WB4014-16 125813-1001 06/08/2019 1 06/08/2019 Journal article